[Event "Sevilla Open 2018"]
[Site "Sevilla ESP"]
[Date "2018.01.13"]
[Round "2.8"]
[White "Planas Gene, Juan"]
[Black "Ulybin, Mikhail"]
[Result "0-1"]
[WhiteElo "2019"]
[BlackElo "2519"]
[PlyCount "46"]
[EventDate "2018.01.12"]
[EventType "swiss"]
[EventRounds "9"]
[EventCountry "ESP"]
[SourceTitle "Ajedrez en Madrid"]
[Source "lmi"]
[SourceDate "2018.01.12"]
[SourceVersion "1"]
[SourceVersionDate "2018.01.25"]
[SourceQuality "1"]
[WhiteTeam "España"]
[BlackTeam "Rusia"]
[WhiteTeamCountry "ESP"]
[BlackTeamCountry "RUS"]

1. d4 e6 2. c4 f5 3. Nf3 Nf6 4. Nc3 Bb4 5. Bd2 O-O 6. g3 d5 7. b3 c5 8. a3 Bxc3
9. Bxc3 Ne4 10. Qc2 Nxc3 11. Qxc3 cxd4 12. Qxd4 Nc6 13. Qd2 Qf6 14. Rc1 dxc4
15. Rxc4 e5 16. Qb2 Be6 17. Rc1 Rac8 18. Bg2 e4 19. Qxf6 gxf6 20. Nh4 Nd4 21.
Rxc8 Rxc8 22. Kd2 f4 23. Bxe4 Nxb3+ 0-1

[Event "Sevilla Open 2018"]
[Site "Sevilla ESP"]
[Date "2018.01.13"]
[Round "2.9"]
[White "Aroshidze, Levan"]
[Black "Ramirez Guerrero, Enrique"]
[Result "1-0"]
[WhiteElo "2516"]
[BlackElo "2021"]
[PlyCount "91"]
[EventDate "2018.01.12"]
[EventType "swiss"]
[EventRounds "9"]
[EventCountry "ESP"]
[SourceTitle "Ajedrez en Madrid"]
[Source "lmi"]
[SourceDate "2018.01.12"]
[SourceVersion "1"]
[SourceVersionDate "2018.01.25"]
[SourceQuality "1"]
[WhiteTeam "España"]
[BlackTeam "España"]
[WhiteTeamCountry "ESP"]
[BlackTeamCountry "ESP"]

1. e4 e6 2. d4 d5 3. Nc3 dxe4 4. Nxe4 Bd7 5. Nf3 Bc6 6. Bd3 Nd7 7. O-O Ngf6 8.
Ng3 g6 9. b3 Bg7 10. Ba3 Bf8 11. Bb2 Bg7 12. Re1 O-O 13. c4 b6 14. Qe2 a5 15.
Rad1 Re8 16. a3 Bb7 17. Ne5 Qe7 18. Bb1 Rad8 19. h3 c5 20. Nxd7 Qxd7 21. Nf1
cxd4 22. Bxd4 Qc6 23. Ne3 Nh5 24. Bxg7 Kxg7 25. b4 axb4 26. axb4 Nf4 27. Qg4
Qc7 28. Bc2 h5 29. Qh4 f6 30. f3 g5 31. Qf2 Rxd1 32. Rxd1 Rd8 33. h4 Rxd1+ 34.
Bxd1 Nd3 35. Qd2 Ne5 36. hxg5 fxg5 37. Qd4 Kf7 38. f4 Nc6 39. Bxh5+ Kg8 40. Qf6
Qxf4 41. Qxe6+ Kf8 42. Nf5 Qc1+ 43. Kh2 Qf4+ 44. Kh3 g4+ 45. Bxg4 Nxb4 46. Qe7+
1-0

[Event "Sevilla Open 2018"]
[Site "Sevilla ESP"]
[Date "2018.01.13"]
[Round "2.10"]
[White "Avila Fraire, Ameyalli"]
[Black "Gleizerov, Evgeny"]
[Result "0-1"]
[WhiteElo "2014"]
[BlackElo "2509"]
[PlyCount "88"]
[EventDate "2018.01.12"]
[EventType "swiss"]
[EventRounds "9"]
[EventCountry "ESP"]
[SourceTitle "Ajedrez en Madrid"]
[Source "lmi"]
[SourceDate "2018.01.12"]
[SourceVersion "1"]
[SourceVersionDate "2018.01.25"]
[SourceQuality "1"]
[WhiteTeam "México"]
[BlackTeam "Rusia"]
[WhiteTeamCountry "MEX"]
[BlackTeamCountry "RUS"]

1. e4 e6 2. d4 d5 3. Nc3 Nf6 4. e5 Nfd7 5. f4 c5 6. Nf3 a6 7. Be3 Qb6 8. Qd2
Qxb2 9. Rb1 Qa3 10. Be2 Nc6 11. O-O cxd4 12. Nxd4 Nxd4 13. Bxd4 Bc5 14. Kh1
Bxd4 15. Qxd4 Qc5 16. Qd3 O-O 17. Qh3 b5 18. Bd3 f5 19. Ne2 d4 20. Qf3 Rb8 21.
Qf2 Bb7 22. Nxd4 Bd5 23. Nb3 Qxf2 24. Rxf2 Rfc8 25. Rd2 Nb6 26. Nd4 g6 27. Kg1
Na4 28. a3 Rd8 29. Rb4 Rbc8 30. Ne2 Kf7 31. g3 Bc4 32. Kf2 Rc7 33. Ke3 Rcd7 34.
Rb1 Ke7 35. Rbd1 Nb2 36. Ra1 Nxd3 37. cxd3 Rxd3+ 38. Rxd3 Rxd3+ 39. Kf2 Rd2 40.
Re1 Ra2 41. h3 h5 42. h4 a5 43. Kf1 Rxa3 44. Kf2 Ra2 0-1

[Event "Sevilla Open 2018"]
[Site "Sevilla ESP"]
[Date "2018.01.13"]
[Round "2.11"]
[White "Pap, Misa"]
[Black "Maza Lopez De Los M., Santiago"]
[Result "1-0"]
[WhiteElo "2491"]
[BlackElo "2016"]
[PlyCount "55"]
[EventDate "2018.01.12"]
[EventType "swiss"]
[EventRounds "9"]
[EventCountry "ESP"]
[SourceTitle "Ajedrez en Madrid"]
[Source "lmi"]
[SourceDate "2018.01.12"]
[SourceVersion "1"]
[SourceVersionDate "2018.01.25"]
[SourceQuality "1"]
[WhiteTeam "Serbia"]
[BlackTeam "España"]
[WhiteTeamCountry "SRB"]
[BlackTeamCountry "ESP"]

1. e4 c6 2. d4 d5 3. Nd2 dxe4 4. Nxe4 Nf6 5. Nxf6+ exf6 6. c3 Bd6 7. Bd3 O-O 8.
Qc2 Re8+ 9. Ne2 h6 10. O-O Nd7 11. Ng3 Nf8 12. Bd2 Qc7 13. Rfe1 Bd7 14. c4 Ne6
15. Bc3 a5 16. c5 Bf8 17. Nh5 b6 18. Re3 bxc5 19. dxc5 Kh8 20. Rg3 Qa7 21. Nxf6
Bxc5 22. Bc4 Ng5 23. Rxg5 Bxf2+ 24. Kh1 g6 25. Rxg6 fxg6 26. Qxg6 Bf5 27. Nxe8+
Bd4 28. Qg8# 1-0

[Event "Sevilla Open 2018"]
[Site "Sevilla ESP"]
[Date "2018.01.13"]
[Round "2.12"]
[White "Suarez Soria, Christian"]
[Black "Matamoros Franco, Carlos S"]
[Result "0-1"]
[WhiteElo "2005"]
[BlackElo "2484"]
[PlyCount "44"]
[EventDate "2018.01.12"]
[EventType "swiss"]
[EventRounds "9"]
[EventCountry "ESP"]
[SourceTitle "Ajedrez en Madrid"]
[Source "lmi"]
[SourceDate "2018.01.12"]
[SourceVersion "1"]
[SourceVersionDate "2018.01.25"]
[SourceQuality "1"]
[WhiteTeam "España"]
[BlackTeam "Ecuador"]
[WhiteTeamCountry "ESP"]
[BlackTeamCountry "ECU"]

1. e4 c5 2. Nf3 Nc6 3. d4 cxd4 4. Nxd4 e5 5. Nb3 Nf6 6. Bg5 a5 7. a4 Be7 8.
Bxf6 Bxf6 9. Nc3 O-O 10. Bc4 d6 11. O-O Be6 12. Nd5 Bg5 13. Qe2 Rc8 14. Rad1
Kh8 15. c3 g6 16. g3 Bh3 17. Rfe1 f5 18. f3 Ne7 19. Nc1 Rxc4 20. Qxc4 Nxd5 21.
Rxd5 Qb6+ 22. Kh1 Qf2 0-1

[Event "Sevilla Open 2018"]
[Site "Sevilla ESP"]
[Date "2018.01.13"]
[Round "2.13"]
[White "Xu, Yi"]
[Black "Ferrer Freyre, David"]
[Result "1-0"]
[WhiteElo "2482"]
[BlackElo "2012"]
[PlyCount "52"]
[EventDate "2018.01.12"]
[EventType "swiss"]
[EventRounds "9"]
[EventCountry "ESP"]
[SourceTitle "Ajedrez en Madrid"]
[Source "lmi"]
[SourceDate "2018.01.12"]
[SourceVersion "1"]
[SourceVersionDate "2018.01.25"]
[SourceQuality "1"]
[WhiteTeam "China"]
[BlackTeam "España"]
[WhiteTeamCountry "CHN"]
[BlackTeamCountry "ESP"]

1. e4 c5 2. Nf3 e6 3. d4 cxd4 4. Nxd4 a6 5. c4 Qc7 6. Nc3 Nf6 7. a3 Nc6 8. Be3
d6 9. Be2 Be7 10. Rc1 O-O 11. O-O Bd7 12. f3 Nxd4 13. Qxd4 Rac8 14. b4 Qb8 15.
Qd3 e5 16. Kh1 Be6 17. Nd5 Bxd5 18. exd5 Nd7 19. f4 Bf6 20. Bg4 Rcd8 21. c5
dxc5 22. bxc5 Qc7 23. d6 Qa5 24. Bxd7 Rxd7 25. fxe5 Bxe5 26. Qf5 Bf6 1-0

[Event "Sevilla Open 2018"]
[Site "Sevilla ESP"]
[Date "2018.01.13"]
[Round "2.14"]
[White "Morales Barrera, Raul"]
[Black "Anurag, Mhamal"]
[Result "0-1"]
[WhiteElo "1994"]
[BlackElo "2472"]
[PlyCount "50"]
[EventDate "2018.01.12"]
[EventType "swiss"]
[EventRounds "9"]
[EventCountry "ESP"]
[SourceTitle "Ajedrez en Madrid"]
[Source "lmi"]
[SourceDate "2018.01.12"]
[SourceVersion "1"]
[SourceVersionDate "2018.01.25"]
[SourceQuality "1"]
[WhiteTeam "España"]
[BlackTeam "India"]
[WhiteTeamCountry "ESP"]
[BlackTeamCountry "IND"]

1. d4 Nf6 2. Nf3 g6 3. Bg5 Bg7 4. Nbd2 h6 5. Bf4 d6 6. h3 c5 7. c3 cxd4 8. cxd4
Nc6 9. e4 e5 10. Be3 exd4 11. Nxd4 O-O 12. Nxc6 bxc6 13. Be2 d5 14. Qa4 dxe4
15. Bd4 Qd5 16. O-O Bxh3 17. gxh3 Qg5+ 18. Kh1 Qxd2 19. Rfe1 Rfd8 20. Rad1 Qf4
21. Qxc6 Rac8 22. Qa6 Qh4 23. Kg2 Nd5 24. Bg4 Bxd4 25. Rxd4 Rc2 0-1

[Event "Sevilla Open 2018"]
[Site "Sevilla ESP"]
[Date "2018.01.14"]
[Round "3.1"]
[White "Chueca Forcen, Alberto"]
[Black "Vasquez Schroeder, Rodrigo"]
[Result "0-1"]
[WhiteElo "2301"]
[BlackElo "2554"]
[PlyCount "82"]
[EventDate "2018.01.12"]
[EventType "swiss"]
[EventRounds "9"]
[EventCountry "ESP"]
[SourceTitle "Ajedrez en Madrid"]
[Source "lmi"]
[SourceDate "2018.01.12"]
[SourceVersion "1"]
[SourceVersionDate "2018.01.25"]
[SourceQuality "1"]
[WhiteTeam "España"]
[BlackTeam "Chile"]
[WhiteTeamCountry "ESP"]
[BlackTeamCountry "CHI"]

1. e4 e5 2. Nf3 Nc6 3. Bb5 a6 4. Ba4 Nf6 5. O-O Be7 6. Re1 b5 7. Bb3 d6 8. c3
O-O 9. h3 Re8 10. d4 Bb7 11. Nbd2 Bf8 12. d5 Nb8 13. a4 Nbd7 14. Qe2 c6 15.
dxc6 Bxc6 16. Bc2 Nc5 17. axb5 axb5 18. Rxa8 Qxa8 19. b4 Na4 20. Qd3 h6 21. c4
bxc4 22. Qxc4 Rc8 23. Qb3 Bb5 24. Nb1 Nb6 25. Bd3 Bxd3 26. Qxd3 d5 27. Nxe5
dxe4 28. Qg3 Bxb4 29. Bxh6 Nh5 30. Qg4 Bxe1 31. Qxh5 Qa2 32. Ng4 Bxf2+ 33. Nxf2
Qxb1+ 34. Kh2 Qb2 35. Ng4 Qd4 36. Bf4 Rc5 37. Qh4 Qd7 38. Qg3 Qe6 39. Be3 Rh5
40. Bd4 Nd7 41. Qc3 Qxg4 0-1

[Event "Sevilla Open 2018"]
[Site "Sevilla ESP"]
[Date "2018.01.14"]
[Round "3.2"]
[White "Kveinys, Aloyzas"]
[Black "Lopez Gonzalez, Daniel"]
[Result "1-0"]
[WhiteElo "2547"]
[BlackElo "2285"]
[PlyCount "134"]
[EventDate "2018.01.12"]
[EventType "swiss"]
[EventRounds "9"]
[EventCountry "ESP"]
[SourceTitle "Ajedrez en Madrid"]
[Source "lmi"]
[SourceDate "2018.01.12"]
[SourceVersion "1"]
[SourceVersionDate "2018.01.25"]
[SourceQuality "1"]
[WhiteTeam "Lituania"]
[BlackTeam "España"]
[WhiteTeamCountry "LTU"]
[BlackTeamCountry "ESP"]

1. d4 d5 2. c4 e6 3. Nc3 Nf6 4. cxd5 exd5 5. Bg5 c6 6. e3 Be7 7. Bd3 Nbd7 8.
Nf3 h6 9. Bh4 Nh5 10. Bxe7 Qxe7 11. O-O O-O 12. Qb1 a5 13. Re1 Nhf6 14. a3 Re8
15. e4 dxe4 16. Nxe4 Nxe4 17. Rxe4 Qd8 18. Bc4 Nf8 19. d5 b5 20. Ba2 cxd5 21.
Bxd5 Ra7 22. Rxe8 Qxe8 23. Qc2 Be6 24. Re1 Qd8 25. Bxe6 Nxe6 26. h3 Rd7 27. Qc6
Rd5 28. Re5 Rxe5 29. Nxe5 Qb8 30. Qd5 Qc7 31. Nd3 Qb6 32. Qd7 g6 33. Ne5 Qc7
34. Qxc7 Nxc7 35. Nc6 a4 36. Kf1 f6 37. Ke2 Kf7 38. Nd4 Ke7 39. h4 h5 40. Kd3
Kd6 41. g3 Kd5 42. Ne2 g5 43. g4 hxg4 44. h5 Ne6 45. h6 Nf8 46. Nc3+ Ke5 47.
Nxb5 Kf4 48. Nd4 g3 49. fxg3+ Kxg3 50. Ke4 Kh4 51. Ne6 Nh7 52. Ng7 g4 53. Kf4
Kh3 54. Nh5 Kh4 55. Ng3 Kh3 56. Nf1 Nf8 57. Ng3 Nh7 58. Nh5 Kh4 59. Ng7 Kh3 60.
Kf5 g3 61. Nh5 g2 62. Nf4+ Kh2 63. Ne2 g1=Q 64. Nxg1 Kxg1 65. Kg6 Ng5 66. Kxf6
Nh7+ 67. Ke5 Kf2 1-0

[Event "Sevilla Open 2018"]
[Site "Sevilla ESP"]
[Date "2018.01.14"]
[Round "3.3"]
[White "Biedma Martin, Enrique"]
[Black "Santos Latasa, Jaime"]
[Result "1/2-1/2"]
[WhiteElo "2280"]
[BlackElo "2546"]
[PlyCount "94"]
[EventDate "2018.01.12"]
[EventType "swiss"]
[EventRounds "9"]
[EventCountry "ESP"]
[SourceTitle "Ajedrez en Madrid"]
[Source "lmi"]
[SourceDate "2018.01.12"]
[SourceVersion "1"]
[SourceVersionDate "2018.01.25"]
[SourceQuality "1"]
[WhiteTeam "España"]
[BlackTeam "España"]
[WhiteTeamCountry "ESP"]
[BlackTeamCountry "ESP"]

1. d4 f5 2. Nf3 Nf6 3. g3 g6 4. Bg2 Bg7 5. O-O O-O 6. c4 d6 7. Nc3 Na6 8. Rb1
c5 9. d5 Nc7 10. b3 Rb8 11. Bb2 b5 12. Nxb5 Nxb5 13. cxb5 Rxb5 14. Bc3 Ne4 15.
Bxg7 Kxg7 16. Qc2 Bb7 17. Nd2 Nf6 18. Qd3 Rb4 19. Nc4 Ba6 20. a3 Rb8 21. Qc3
Qc7 22. e4 fxe4 23. Bxe4 Bxc4 24. bxc4 Rxb1 25. Rxb1 Rb8 26. Rxb8 Qxb8 27. Bc2
Qc8 28. f3 Kf7 29. Kf2 Nd7 30. Bd1 Ne5 31. Qc2 Qa6 32. f4 Nd7 33. Qb3 Nf6 34.
g4 Qc8 35. g5 Ne8 36. Qd3 Ng7 37. h3 Qb7 38. Qb3 Qxb3 39. Bxb3 Nf5 40. Bc2 Nd4
41. Bd3 a5 42. h4 Kg7 43. Kg3 Nf5+ 44. Bxf5 gxf5 45. h5 a4 46. Kf3 Kf7 47. Ke3
Kg7 1/2-1/2

[Event "Sevilla Open 2018"]
[Site "Sevilla ESP"]
[Date "2018.01.14"]
[Round "3.4"]
[White "Saric, Ante"]
[Black "Schoorl, Rob"]
[Result "1/2-1/2"]
[WhiteElo "2537"]
[BlackElo "2275"]
[PlyCount "61"]
[EventDate "2018.01.12"]
[EventType "swiss"]
[EventRounds "9"]
[EventCountry "ESP"]
[SourceTitle "Ajedrez en Madrid"]
[Source "lmi"]
[SourceDate "2018.01.12"]
[SourceVersion "1"]
[SourceVersionDate "2018.01.25"]
[SourceQuality "1"]
[WhiteTeam "Croacia"]
[BlackTeam "Holanda"]
[WhiteTeamCountry "CRO"]
[BlackTeamCountry "NED"]

1. d4 Nf6 2. c4 g6 3. Nc3 Bg7 4. e4 d6 5. Nf3 O-O 6. Be2 c5 7. d5 b5 8. cxb5 a6
9. O-O axb5 10. Bxb5 Ba6 11. e5 dxe5 12. Bxa6 Nxa6 13. Nxe5 Nb4 14. Nc6 Nxc6
15. dxc6 Qc7 16. Qf3 Ra6 17. Re1 e6 18. Bf4 Qxc6 19. Qxc6 Rxc6 20. Be5 Nd5 21.
Rac1 Ra8 22. a3 Bxe5 23. Rxe5 Nxc3 24. Rxc3 Rd6 25. Kf1 Rd2 26. Re2 Rd1+ 27.
Re1 Rd2 28. Re2 Rd1+ 29. Re1 Rd2 30. Re2 Rd1+ 31. Re1 1/2-1/2

[Event "Sevilla Open 2018"]
[Site "Sevilla ESP"]
[Date "2018.01.14"]
[Round "3.5"]
[White "Schwartz, Ylon"]
[Black "Dvirnyy, Danyyil"]
[Result "0-1"]
[WhiteElo "2267"]
[BlackElo "2534"]
[PlyCount "46"]
[EventDate "2018.01.12"]
[EventType "swiss"]
[EventRounds "9"]
[EventCountry "ESP"]
[SourceTitle "Ajedrez en Madrid"]
[Source "lmi"]
[SourceDate "2018.01.12"]
[SourceVersion "1"]
[SourceVersionDate "2018.01.25"]
[SourceQuality "1"]
[WhiteTeam "Estados Unidos"]
[BlackTeam "Italia"]
[WhiteTeamCountry "USA"]
[BlackTeamCountry "ITA"]

1. d4 d5 2. c4 c6 3. Nc3 Nf6 4. e3 e6 5. Nf3 Nbd7 6. Qc2 Bd6 7. Bd2 O-O 8. Bd3
dxc4 9. Bxc4 b5 10. Be2 Bb7 11. O-O Rc8 12. Ne4 Nxe4 13. Qxe4 Nf6 14. Qh4 c5
15. Bxb5 Bxf3 16. gxf3 Qb6 17. a4 a6 18. Bd3 Qxb2 19. Ba5 Qb3 20. Rfd1 c4 21.
Be2 c3 22. Kh1 Be7 23. Bd3 c2 0-1

[Event "Sevilla Open 2018"]
[Site "Sevilla ESP"]
[Date "2018.01.14"]
[Round "3.6"]
[White "Swapnil, S. Dhopade"]
[Black "Carretero Ortiz, Francisco"]
[Result "1-0"]
[WhiteElo "2533"]
[BlackElo "2238"]
[PlyCount "57"]
[EventDate "2018.01.12"]
[EventType "swiss"]
[EventRounds "9"]
[EventCountry "ESP"]
[SourceTitle "Ajedrez en Madrid"]
[Source "lmi"]
[SourceDate "2018.01.12"]
[SourceVersion "1"]
[SourceVersionDate "2018.01.25"]
[SourceQuality "1"]
[WhiteTeam "India"]
[BlackTeam "España"]
[WhiteTeamCountry "IND"]
[BlackTeamCountry "ESP"]

1. d4 Nc6 2. Nf3 d5 3. c4 e5 4. Nxe5 Nxe5 5. dxe5 dxc4 6. Qxd8+ Kxd8 7. e4 b5
8. a4 c6 9. Be3 Bb4+ 10. Nc3 Bxc3+ 11. bxc3 a6 12. Be2 f6 13. exf6 Nxf6 14.
axb5 cxb5 15. e5 Ng4 16. Bb6+ Ke8 17. Bf3 Rb8 18. Ba7 Rb7 19. Bxb7 Bxb7 20.
O-O-O Bxg2 21. Rhg1 Bf3 22. Rd6 Kf7 23. e6+ Kf6 24. Bd4+ Kf5 25. h3 Ne5 26.
Rxg7 Re8 27. e7 b4 28. Bxe5 Kxe5 29. Rd8 1-0

[Event "Sevilla Open 2018"]
[Site "Sevilla ESP"]
[Date "2018.01.14"]
[Round "3.7"]
[White "Ulybin, Mikhail"]
[Black "Hernandez Munoz, Antonio Ramon"]
[Result "1-0"]
[WhiteElo "2519"]
[BlackElo "2225"]
[PlyCount "73"]
[EventDate "2018.01.12"]
[EventType "swiss"]
[EventRounds "9"]
[EventCountry "ESP"]
[SourceTitle "Ajedrez en Madrid"]
[Source "lmi"]
[SourceDate "2018.01.12"]
[SourceVersion "1"]
[SourceVersionDate "2018.01.25"]
[SourceQuality "1"]
[WhiteTeam "Rusia"]
[BlackTeam "España"]
[WhiteTeamCountry "RUS"]
[BlackTeamCountry "ESP"]

1. e4 c5 2. Nf3 d6 3. Bc4 Nf6 4. d3 Nc6 5. c3 g6 6. O-O Bg7 7. Bb3 O-O 8. h3 b5
9. d4 Nd7 10. d5 Nce5 11. Nxe5 Nxe5 12. f4 Nd7 13. f5 a5 14. Bg5 b4 15. Bc4 Qb6
16. Bxe7 Re8 17. f6 Bh6 18. Nd2 Ne5 19. Be2 bxc3 20. bxc3 Qb2 21. Nf3 Qxc3 22.
Bxd6 Nxf3+ 23. Rxf3 Be3+ 24. Kh1 Rxe4 25. Rb1 Qd4 26. Bd3 Re8 27. Bb5 Bf5 28.
Bxe8 Bxb1 29. Bxf7+ Kxf7 30. Qxb1 Ra7 31. Bg3 Rd7 32. Qe1 Rxd5 33. Rxe3 Kxf6
34. Kh2 c4 35. Re7 h5 36. Bh4+ Qxh4 37. Qxh4+ 1-0

[Event "Sevilla Open 2018"]
[Site "Sevilla ESP"]
[Date "2018.01.14"]
[Round "3.8"]
[White "Diaz Castro, Sergio"]
[Black "Aroshidze, Levan"]
[Result "1-0"]
[WhiteElo "2263"]
[BlackElo "2516"]
[PlyCount "71"]
[EventDate "2018.01.12"]
[EventType "swiss"]
[EventRounds "9"]
[EventCountry "ESP"]
[SourceTitle "Ajedrez en Madrid"]
[Source "lmi"]
[SourceDate "2018.01.12"]
[SourceVersion "1"]
[SourceVersionDate "2018.01.25"]
[SourceQuality "1"]
[WhiteTeam "España"]
[BlackTeam "España"]
[WhiteTeamCountry "ESP"]
[BlackTeamCountry "ESP"]

1. e4 c5 2. Nf3 e6 3. d4 cxd4 4. Nxd4 a6 5. Nc3 Qc7 6. a3 Nf6 7. f4 d6 8. Qf3
b5 9. Bd3 Bb7 10. g4 Nfd7 11. Bd2 Nc5 12. O-O-O Nbd7 13. Kb1 g6 14. b4 Bg7 15.
Nb3 Nxd3 16. cxd3 Rc8 17. Rc1 Qb8 18. Na5 Ba8 19. h4 h5 20. gxh5 Rxh5 21. Qg4
Bf6 22. Rh2 Ke7 23. f5 Rch8 24. fxe6 fxe6 25. Ne2 Rxh4 26. Rxh4 Rxh4 27. Qg3 e5
28. Qxg6 Rh2 29. Ng3 Qf8 30. Nf5+ Kd8 31. Bh6 Qh8 32. Nxd6 Ke7 33. Rc8 Rxh6 34.
Qxh6 Qxh6 35. Nf5+ Ke6 36. Nxh6 1-0

[Event "Sevilla Open 2018"]
[Site "Sevilla ESP"]
[Date "2018.01.14"]
[Round "3.9"]
[White "Gleizerov, Evgeny"]
[Black "Gutierrez Valero, Mario"]
[Result "1/2-1/2"]
[WhiteElo "2509"]
[BlackElo "2208"]
[PlyCount "96"]
[EventDate "2018.01.12"]
[EventType "swiss"]
[EventRounds "9"]
[EventCountry "ESP"]
[SourceTitle "Ajedrez en Madrid"]
[Source "lmi"]
[SourceDate "2018.01.12"]
[SourceVersion "1"]
[SourceVersionDate "2018.01.25"]
[SourceQuality "1"]
[WhiteTeam "Rusia"]
[BlackTeam "España"]
[WhiteTeamCountry "RUS"]
[BlackTeamCountry "ESP"]

1. d4 Nf6 2. Nf3 g6 3. g3 Bg7 4. Bg2 O-O 5. O-O d6 6. a4 Nbd7 7. a5 c6 8. Nc3
Qc7 9. e4 e5 10. h3 Re8 11. Re1 Rb8 12. Be3 b5 13. axb6 axb6 14. d5 Bb7 15. Nd2
b5 16. dxc6 Bxc6 17. Ra7 Rb7 18. Rxb7 Qxb7 19. Nb3 Qc7 20. Qd3 Rb8 21. Ra1 b4
22. Ra7 Qc8 23. Na2 Bb5 24. Qd2 Qc4 25. f3 d5 26. Nxb4 d4 27. Bf2 Bf8 28. Nd3
Rc8 29. Na1 Qe6 30. Kh2 Nc5 31. Bf1 Ncxe4 32. fxe4 Nxe4 33. Qe1 Bxd3 34. cxd3
Nxf2 35. Qxf2 Bc5 36. Rb7 e4 37. Nb3 e3 38. Nxc5 Rxc5 39. Qf3 Rf5 40. Qg4 Rxf1
41. Rb8+ Kg7 42. Qxd4+ Rf6 43. Qd8 Rf2+ 44. Kg1 e2 45. Qf8+ Kf6 46. Qd8+ Kg7
47. Qf8+ Kf6 48. Qd8+ Kg7 1/2-1/2

[Event "Sevilla Open 2018"]
[Site "Sevilla ESP"]
[Date "2018.01.14"]
[Round "3.10"]
[White "Rodriguez Perez, Angel Mariano"]
[Black "Pap, Misa"]
[Result "1/2-1/2"]
[WhiteElo "2227"]
[BlackElo "2491"]
[PlyCount "118"]
[EventDate "2018.01.12"]
[EventType "swiss"]
[EventRounds "9"]
[EventCountry "ESP"]
[SourceTitle "Ajedrez en Madrid"]
[Source "lmi"]
[SourceDate "2018.01.12"]
[SourceVersion "1"]
[SourceVersionDate "2018.01.25"]
[SourceQuality "1"]
[WhiteTeam "España"]
[BlackTeam "Serbia"]
[WhiteTeamCountry "ESP"]
[BlackTeamCountry "SRB"]

1. e4 e5 2. Nf3 Nc6 3. Bc4 Bc5 4. O-O Nf6 5. d3 d6 6. Nc3 h6 7. Na4 Bb6 8. Nxb6
axb6 9. a3 Be6 10. Bxe6 fxe6 11. c3 O-O 12. Qc2 Nh5 13. d4 Rxf3 14. gxf3 exd4
15. f4 Qh4 16. f3 Nxf4 17. Bxf4 Qxf4 18. Qc1 Qe5 19. Qe1 dxc3 20. Qxc3 Qxc3 21.
bxc3 Ra4 22. Kf2 e5 23. Ke3 Ne7 24. Rg1 Kf7 25. Ra2 c6 26. h4 h5 27. Rg5 g6 28.
Kd3 b5 29. Kc2 Ke6 30. Kb3 Ra8 31. a4 bxa4+ 32. Rxa4 Rf8 33. Rg3 Rf4 34. Rh3 b5
35. Ra1 d5 36. Re1 Kd6 37. Kc2 d4 38. Kd3 c5 39. c4 bxc4+ 40. Kxc4 Kc6 41. Rg3
Nc8 42. Rxg6+ Nd6+ 43. Rxd6+ Kxd6 44. Ra1 Rxf3 45. Ra6+ Ke7 46. Kxc5 Re3 47.
Kd5 d3 48. Ra7+ Kd8 49. Ra1 Rh3 50. Rd1 Ke7 51. Kxe5 Rxh4 52. Rxd3 Rg4 53. Kf5
Rg8 54. Rh3 Rf8+ 55. Ke5 Rh8 56. Kf5 h4 57. Kg4 Ke6 58. Rxh4 Rxh4+ 59. Kxh4 Ke5
1/2-1/2

[Event "Sevilla Open 2018"]
[Site "Sevilla ESP"]
[Date "2018.01.14"]
[Round "3.11"]
[White "Matamoros Franco, Carlos S"]
[Black "Rincon Bascon, Jorge"]
[Result "1-0"]
[WhiteElo "2484"]
[BlackElo "2178"]
[PlyCount "51"]
[EventDate "2018.01.12"]
[EventType "swiss"]
[EventRounds "9"]
[EventCountry "ESP"]
[SourceTitle "Ajedrez en Madrid"]
[Source "lmi"]
[SourceDate "2018.01.12"]
[SourceVersion "1"]
[SourceVersionDate "2018.01.25"]
[SourceQuality "1"]
[WhiteTeam "Ecuador"]
[BlackTeam "España"]
[WhiteTeamCountry "ECU"]
[BlackTeamCountry "ESP"]

1. Nf3 Nf6 2. c4 g6 3. g3 Bg7 4. Bg2 O-O 5. O-O c5 6. Nc3 d6 7. d4 Na6 8. b3
Bd7 9. Bb2 b6 10. h3 Rb8 11. e4 Nc7 12. Qe2 b5 13. dxc5 bxc4 14. e5 dxe5 15.
Qxc4 Nfd5 16. Nxd5 Bb5 17. Qh4 Nxd5 18. Rfd1 e6 19. Qxd8 Rfxd8 20. Nxe5 Nb4 21.
a3 Nc2 22. Rac1 Nxa3 23. c6 Rxd1+ 24. Rxd1 Re8 25. c7 Bf6 26. Bb7 1-0

[Event "Sevilla Open 2018"]
[Site "Sevilla ESP"]
[Date "2018.01.14"]
[Round "3.12"]
[White "Calzetta Ruiz, Monica"]
[Black "Xu, Yi"]
[Result "0-1"]
[WhiteElo "2223"]
[BlackElo "2482"]
[PlyCount "80"]
[EventDate "2018.01.12"]
[EventType "swiss"]
[EventRounds "9"]
[EventCountry "ESP"]
[SourceTitle "Ajedrez en Madrid"]
[Source "lmi"]
[SourceDate "2018.01.12"]
[SourceVersion "1"]
[SourceVersionDate "2018.01.25"]
[SourceQuality "1"]
[WhiteTeam "España"]
[BlackTeam "China"]
[WhiteTeamCountry "ESP"]
[BlackTeamCountry "CHN"]

1. e4 e5 2. Nf3 Nc6 3. Bb5 a6 4. Ba4 Nf6 5. O-O Be7 6. Re1 b5 7. Bb3 d6 8. c3
O-O 9. d4 Bg4 10. d5 Na5 11. Bc2 Qc8 12. h3 Bd7 13. Nbd2 c6 14. dxc6 Qxc6 15.
Nf1 h6 16. a4 Be6 17. Ng3 Rfd8 18. axb5 axb5 19. Nh4 Bf8 20. Qf3 Kh7 21. Nhf5
Ng8 22. Nd4 exd4 23. Rxa5 g6 24. Rxa8 Rxa8 25. Ne2 Bg7 26. Nxd4 Bxd4 27. cxd4
Qxc2 28. d5 Bc8 29. Qxf7+ Kh8 30. Bxh6 Nxh6 31. Qxg6 Ng8 32. Re3 Qd1+ 33. Kh2
Ra1 34. Qxd6 Qg1+ 35. Kg3 Ra7 36. Qe5+ Kh7 37. Kh4 Qxf2+ 38. Rg3 Nf6 39. Qg5
Kh8 40. Qe3 Rh7+ 0-1

[Event "Sevilla Open 2018"]
[Site "Sevilla ESP"]
[Date "2018.01.14"]
[Round "3.13"]
[White "Anurag, Mhamal"]
[Black "Romero Romero, Sebastian"]
[Result "1-0"]
[WhiteElo "2472"]
[BlackElo "2173"]
[PlyCount "57"]
[EventDate "2018.01.12"]
[EventType "swiss"]
[EventRounds "9"]
[EventCountry "ESP"]
[SourceTitle "Ajedrez en Madrid"]
[Source "lmi"]
[SourceDate "2018.01.12"]
[SourceVersion "1"]
[SourceVersionDate "2018.01.25"]
[SourceQuality "1"]
[WhiteTeam "India"]
[BlackTeam "España"]
[WhiteTeamCountry "IND"]
[BlackTeamCountry "ESP"]

1. Nf3 Nf6 2. g3 g6 3. Bg2 Bg7 4. O-O O-O 5. d4 d6 6. Nc3 Nbd7 7. a4 e5 8. dxe5
dxe5 9. a5 a6 10. Ra4 Qe7 11. Rh4 Rd8 12. Bg5 Nf8 13. Qc1 Bf5 14. e4 Be6 15.
Nxe5 Qc5 16. Nd3 Qxa5 17. e5 Ng4 18. b4 Qb6 19. Ne4 h5 20. h3 Nxe5 21. Nf6+
Bxf6 22. Bxf6 Ned7 23. Bd4 Qd6 24. Qh6 f6 25. Nf4 Bf7 26. Be4 Ne5 27. Bc5 Qd2
28. Bxf8 Rxf8 29. Rxh5 1-0